000 00488nam a22001697a 4500
003 NUST - PNEC
005 20170116181136.0
008 151007b xxu||||| |||| 00| 0 eng d
020 _a-
040 _cLIBRARY
082 _a954.91053 BEN
100 _914300
_aBenazir Bhutto
245 _aMufahimat: Islam, Jamhuriat aur Maghrib in urdu (Reconciliation)
_cBenazir Bhutto
260 _aLahore:
_bDogar Publishers,
_c2007
650 _914303
_aReconciliation
_xGeneral
942 _2ddc
_cBK
999 _c70237
_d70237